Southeast Asian Countries - Statistics

General Stats
  • This quiz has been taken 15 times
  • The average score is 9 of 11
Answer Stats
Answer % Correct
Indonesia
93%
Malaysia
93%
Thailand
93%
Cambodia
87%
Laos
87%
Singapore
87%
Vietnam
87%
East Timor
73%
Myanmar
73%
Brunei
60%
Phillipines
47%
No matching quizzes found
Score Distribution
Percent of People with Each Score
Percentile by Number Answered
Your Score History
You have not taken this quiz